Statistics for Pokémon with 4x weakness to Grass

Click here to take the quiz!

General Stats

  • This quiz has been taken 165 times
    (125 since last reset)
  • The average score is 20 of 30

Answer Stats

GenAnswer% Correct
IGolem
92%
IGeodude
92%
IGraveler
91%
IOnix
88%
VISwampert (Mega)
76%
IIISwampert
76%
IOmastar
73%
IOmanyte
73%
IRhyhorn
72%
IRhydon
72%
IKabuto
72%
IKabutops
72%
IIQuagsire
70%
IIWooper
69%
IIIMarshtomp
69%
IVRhyperior
65%
IVGastrodon
64%
IIIWhiscash
64%
IIIBarboach
62%
VPalpitoad
61%
VSeismitoad
61%
VCarracosta
59%
VTirtouga
58%
VIBarbaracle
54%
IIIRelicanth
53%
IICorsola
51%
VIBinacle
51%
IILarvitar
42%
IIPupitar
42%
VIIIDrednaw
32%

Score Distribution

Percentile by Number Answered

Percent of People with Each Score

Your Score History

You have not taken this quiz since the last reset